MARC

LEADER 00000nam0a2200000 4500
001 359050
005 20231102011144.0
035 |a (RuTPU)RU\TPU\retro\16322 
035 |a RU\TPU\book\364429 
090 |a 359050 
100 |a 20200909d1933 k y0rusy50 ca 
101 0 |a rus  |a eng 
102 |a RU 
105 |a a z 001zy 
200 1 |a Трилобиты Донецкого бассейна  |f В. Н. Вебер  |g Центральный научно-исследовательский геологоразведочный институт (ЦНИГРИ), Сектор геологической карты ; СССР, Всесоюзное геологоразведочное объединение 
210 |a Ленинград  |a Москва  |a Новосибирск  |c Государственное научно-техническое горно-геолого-нефтяное издательство  |d 1933 
215 |a 96 с.  |c ил.  |e 3 табл. 
225 1 |a Труды Всесоюзного геолого-разведочного объединения  |v Вып. 255 
320 |9 572  |a Библиогр.: с. 67-68 
606 1 |a Трилобиты  |2 stltpush  |3 (RuTPU)RU\TPU\subj\61614  |9 78796 
610 1 |a полезные ископаемые 
610 1 |a Донецкий бассейн 
610 1 |a фауна 
610 1 |a нижний карбон 
610 1 |a верхний карбон 
610 1 |a средний карбон 
675 |a 565.393  |v 4 
700 1 |a Вебер  |b В. Н. 
712 0 2 |a Центральный научно-исследовательский геологоразведочный институт (ЦНИГРИ)  |b Сектор геологической карты  |c (1931-1938)  |2 stltpush  |3 (RuTPU)RU\TPU\col\18472 
712 0 1 |a СССР  |b Всесоюзное геологоразведочное объединение  |c (1931-1933)  |2 stltpush  |3 (RuTPU)RU\TPU\col\18435  |9 27031 
801 1 |a RU  |b 63413507  |c 20171115 
801 2 |a RU  |b 63413507  |c 20200909  |g RCR 
942 |c BK